| 000 | 00347nam a2200133 4500 | ||
|---|---|---|---|
| 999 |
_c9587 _d9587 |
||
| 003 | OSt | ||
| 005 | 20210705112818.0 | ||
| 008 | 210705b ||||| |||| 00| 0 eng d | ||
| 020 | _a9780300181517 | ||
| 082 |
_a724.6 _bPET |
||
| 100 | _aPetit, Emmanuel, 1973- | ||
| 245 | _aIrony, or, the self-critical opacity of postmodern architecture | ||
| 942 | _2ddc | ||